Hor sa Maďar, vlasť ťa volá!

Bibliographic Details
Main Author: Žitňan, Peter (Author)
Format: Article
Language:Slovak
ISSN:1335-3470
Subjects:

MARC

LEADER 00000nab a2200000 a 4500
001 vtls000841679
003 SK-MaSNL
005 20260428113653.0
008 250429c2003 xo 0 slo
015 |a SNBRB2003/08-21896 
035 |a CLN000193334 
035 |a urn:nbn:sk:snk-ab95zz 
035 |a (urnnbn)urn:nbn:sk:snk:ar-006zsn 
035 |a (uuid)4c3d759e-bf91-4fd3-ac9b-dfa2b26f7e50 
040 |a SNKBUCL  |b slo  |c SNKBUCL  |e AACR2 
041 0 |a slo 
044 |a xo  |c SK 
080 |a 82:929:821.511.141  |2 1997 
080 |a 821.511.141:929  |2 1997 
080 |a 94(439)  |2 1997 
080 |a 94(437.6)  |2 1997 
100 1 |a Žitňan, Peter  |4 aut  |9 675253 
245 1 0 |a Hor sa Maďar, vlasť ťa volá!  |c Peter Žitňan 
600 1 7 |a Petőfi, Sándor,  |d 1823-1849  |2 snkbucl  |9 87509 
655 7 |a články z novín a časopisov  |2 snkbucl  |9 267496 
773 0 |t Kultúra  |g Roč. 6, č. 15-16 (2003), s. 22-23  |x 1335-3470 
850 |a Slovenská národná knižnica 
852 |a Slovenská národná knižnica 
954 |a odborná, vedecká literatúra pôvodná (slovenská)  |2 lita 
958 |a article13 
958 |a OND 
958 |a LX 
958 |a HU 
958 |a EUIPO 
992 |a RBX 
999 |c 2878024  |d 2879954